| 000 -LEADER |
| fixed length control field |
00896cam a22002417a 4500 |
| 003 - CONTROL NUMBER IDENTIFIER |
| control field |
OSt |
| 005 - DATE AND TIME OF LATEST TRANSACTION |
| control field |
20200518130726.0 |
| 008 - FIXED-LENGTH DATA ELEMENTS--GENERAL INFORMATION |
| fixed length control field |
041005s2003 enkab b 001 0 eng |
| 020 ## - INTERNATIONAL STANDARD BOOK NUMBER |
| International Standard Book Number |
0750677481 |
| 082 00 - DEWEY DECIMAL CLASSIFICATION NUMBER |
| Classification number |
725.3 |
| Edition number |
22 |
| 100 1# - MAIN ENTRY--PERSONAL NAME |
| Personal name |
Collis, Hugh. |
| 245 10 - TITLE STATEMENT |
| Title |
Transport, engineering, and architecture / |
| Statement of responsibility, etc |
Hugh Collis. |
| 260 ## - PUBLICATION, DISTRIBUTION, ETC. (IMPRINT) |
| Place of publication, distribution, etc |
Oxford ; |
| -- |
Boston : |
| Name of publisher, distributor, etc |
Architectural Press, |
| Date of publication, distribution, etc |
c2003. |
| 300 ## - PHYSICAL DESCRIPTION |
| Extent |
240 p. : |
| Other physical details |
ill. (chiefly col.), col. maps ; |
| Dimensions |
30 cm. |
| 504 ## - BIBLIOGRAPHY, ETC. NOTE |
| Bibliography, etc |
Includes bibliographical references (p. 236) and index. |
| 505 00 - FORMATTED CONTENTS NOTE |
| Title |
Airports -- |
| -- |
Railways -- |
| -- |
Bridges -- |
| -- |
Transport planning and special projects. |
| 650 #0 - SUBJECT ADDED ENTRY--TOPICAL TERM |
| Topical term or geographic name as entry element |
Structural analysis (Engineering) |
| 650 #0 - SUBJECT ADDED ENTRY--TOPICAL TERM |
| Topical term or geographic name as entry element |
Transportation buildings |
| General subdivision |
Design and construction. |
| 650 #0 - SUBJECT ADDED ENTRY--TOPICAL TERM |
| Topical term or geographic name as entry element |
Airports |
| General subdivision |
Design and construction. |
| 650 #0 - SUBJECT ADDED ENTRY--TOPICAL TERM |
| Topical term or geographic name as entry element |
Railroads |
| General subdivision |
Design and construction. |
| 650 #0 - SUBJECT ADDED ENTRY--TOPICAL TERM |
| Topical term or geographic name as entry element |
Bridges |
| General subdivision |
Design and construction. |
| 942 ## - ADDED ENTRY ELEMENTS (KOHA) |
| Source of classification or shelving scheme |
|